Variables complejas y aplicaciones / Ruel V. Churchill (Registro nro. 3422)

Detalles MARC
000 -LEADER
fixed length control field 00535nam a22002171a 4500
001 - CONTROL NUMBER
control field 3422
003 - CONTROL NUMBER IDENTIFIER
control field OSt
005 - DATE AND TIME OF LATEST TRANSACTION
control field 20260204211850.0
008 - FIXED-LENGTH DATA ELEMENTS--GENERAL INFORMATION
fixed length control field 040906s1986||||sp ||||||b||||||||||spa||
050 ## - LIBRARY OF CONGRESS CALL NUMBER
Classification number 519 C473v
082 ## - DEWEY DECIMAL CLASSIFICATION NUMBER
Classification number 519 C473v
100 ## - ASIENTO PRINCIPAL -- NOMBRE PERSONAL
Personal name Churchill, Ruel V.
245 ## - TÍTULO PROPIAMENTE DICHO: SUBTÍTULO
Title Variables complejas y aplicaciones / Ruel V. Churchill
250 ## - MENCIÓN DE EDICIÓN
Edition statement 4
264 ## - PRODUCTION, PUBLICATION, DISTRIBUTION, MANUFACTURE, AND COPYRIGHT NOTICE
Place of production, publication, distribution, manufacture España : McGraw-Hill
300 ## - PHYSICAL DESCRIPTION
Extensión 404 p
500 ## - GENERAL NOTE
General note Incluye indice.
650 ## - ASIENTO SECUNDARIO DE MATERIA -- TERMINO TEMÁTICO
Termino Temático Como Elemento de Entrada 1.Matemática Aplicada
700 ## - ASIENTO SECUNDARIO -- NOMBRE PERSONAL
Personal name Word Brown, JamesÌ
942 ## - ADDED ENTRY ELEMENTS (KOHA)
Source of classification or shelving scheme Dewey Decimal Classification
Koha item type Libros
Existencias
Withdrawn status Lost status Source of classification or shelving scheme Damaged status Not for loan Current library Date acquired Total Checkouts Full call number Barcode Date last seen Price effective from Koha item type
    Dewey Decimal Classification     Biblioteca UTECO 09/09/2019   519 C473V 004158 09/09/2019 09/09/2019 Libros
    Dewey Decimal Classification Descartado para donación   Biblioteca UTECO 09/09/2019   519 C473V 004159 09/09/2019 09/09/2019 Libros
    Dewey Decimal Classification     Biblioteca UTECO 09/09/2019   519 C473V 004570 09/09/2019 09/09/2019 Libros
© 2021 Derechos Reservados UTECO - Teléfono: +1 809-585-2291 - Correo electrónico: biblioteca@uteco.edu.do​  
Código postal 43000 ​​
Dirección: Avenida Universitaria No. 100, 
Cotuí, Provincia Sánchez Ramírez, República Dominicana - RNC: 404-00059-6